<?xml version="1.0" encoding="UTF-8"?>
<marc:record xmlns:marc="http://www.loc.gov/MARC21/slim">
   <marc:leader>00000nam a2200000 a 4500</marc:leader>
   <marc:datafield ind1="1" ind2=" " tag="100">
      <marc:subfield code="a">Smith, Wilbur</marc:subfield>
      <marc:subfield code="4">aut</marc:subfield>
      <marc:subfield code="e">Verfasser/-in</marc:subfield>
   </marc:datafield>
   <marc:datafield ind1=" " ind2=" " tag="653">
      <marc:subfield code="a">Ägypten Altertum</marc:subfield>
   </marc:datafield>
   <marc:datafield ind1=" " ind2=" " tag="653">
      <marc:subfield code="a">Liebesbeziehung</marc:subfield>
   </marc:datafield>
   <marc:datafield ind1=" " ind2=" " tag="653">
      <marc:subfield code="a">Belletristische Darstellung</marc:subfield>
   </marc:datafield>
   <marc:datafield ind1=" " ind2=" " tag="653">
      <marc:subfield code="a">Feldherr</marc:subfield>
   </marc:datafield>
   <marc:datafield ind1=" " ind2=" " tag="653">
      <marc:subfield code="a">König</marc:subfield>
   </marc:datafield>
   <marc:datafield ind1="0" ind2="0" tag="245">
      <marc:subfield code="a">Die Schwingen des Horus</marc:subfield>
   </marc:datafield>
   <marc:datafield ind1="0" ind2="0" tag="245">
      <marc:subfield code="b">Teil 2</marc:subfield>
   </marc:datafield>
   <marc:datafield ind1=" " ind2="1" tag="264">
      <marc:subfield code="b">blanvalet</marc:subfield>
      <marc:subfield code="c">1995</marc:subfield>
   </marc:datafield>
   <marc:datafield ind1="1" ind2=" " tag="520">
      <marc:subfield code="a">Klappentext: Aus de Dunkel der Jahrhunderte ans Licht gebracht: Das geheimnisvolle Testament einer unerfüllten Lieben - und der Schlüssel zur verschollenene Begräbnisstätte des großen Pharao Mamose: ein Wettlauf mit skrupellosen Grabräubern beginnt... *Verlag*  Über den Autor und weitere Mitwirkende Wilbur Smith, Jahrgang 1933, Engländer mit südafrikanischem Pass, widmet sich seit 1964 ganz dem Schriftstellerberuf und hat bisher knapp dreißig Romane veröffentlicht, von denen jeder einzelne auf Expeditionen recheriert und zu einem überwältigenden Erfolg wurde. Wilbur Smith lebt mit seiner Frau abwechselnd in Kapstadt, auf einer Farm im Landesinneren von Südafrika, auf den Seychellen und im Herzen von London. Seine Bücher, die eine Weltauflage von über 70 Millionen Exemplaren erreicht haben, sind in 26 Sprachen übersetzt und zum Teil verfilmt worden.</marc:subfield>
   </marc:datafield>
   <marc:datafield ind1=" " ind2=" " tag="020">
      <marc:subfield code="a">9783764500016</marc:subfield>
      <marc:subfield code="9">9783764500016</marc:subfield>
   </marc:datafield>
</marc:record>
